St. Patrick's Day Facts Quiz Stats

 Plays Quiz Updated Mar 17, 2017

Support Sporcle.
Go Orange.
Score 0/18 Timer 06:00
0 Plays Today
% Correct
Death
88%
Snakes
85.5%
Ireland
83.7%
United States
82.5%
Father figure
81.5%
Lent
81.4%
Holy Trinity
79.7%
Leprechauns
79.3%
Pubs
75.9%
% Correct
Chicago
73.4%
Montserrat
64.9%
1931
63.2%
Shamrock
61.3%
Roman
60.5%
Newfoundland and Labrador
54.3%
Blue
53%
Sydney
35.3%
1760s
22.1%

You're not logged in!

Compare scores with friends on all Sporcle quizzes.
OR
Log In
Forgot?

From the Vault

Vowel-Swapped NFL Teams

by HappyWife

Sometimes they swap their entire jerseys.
Remove Ads.
Support Sporcle.
Get the best of Sporcle when you Go Orange. This ad-free experience offers more features, more stats, and more fun while also helping to support Sporcle. Thank you for becoming a member.

Show Comments

Extras

Top Quizzes Today


Score Distribution

Your Account Isn't Verified!

In order to create a playlist on Sporcle, you need to verify the email address you used during registration. Go to your Sporcle Settings to finish the process.

Report this User

Report this user for behavior that violates our Community Guidelines.

Details: